BETWEEN OXUS AND JUMNA (Record no. 580323)

000 -LEADER
fixed length control field 00346nam a22001217a 4500
082 ## - DEWEY DECIMAL CLASSIFICATION NUMBER
Classification number 915.4 TOY
100 ## - MAIN ENTRY--PERSONAL NAME
Personal name TOYNBEE, ARNOLD J
9 (RLIN) 6611
245 ## - TITLE STATEMENT
Title BETWEEN OXUS AND JUMNA
260 ## - PUBLICATION, DISTRIBUTION, ETC.
Place of publication, distribution, etc. LONDON
Name of publisher, distributor, etc. OXFORD
Date of publication, distribution, etc. 1961
300 ## - PHYSICAL DESCRIPTION
Extent 211P
650 ## - SUBJECT ADDED ENTRY--TOPICAL TERM
Topical term or geographic name entry element TRAVELOGUE BY ONE OF THE 20TH CENTURY'S GREATEST HISTORIANS.BETWEEN OXUS AND JUMNA
9 (RLIN) 74821
942 ## - ADDED ENTRY ELEMENTS (KOHA)
Koha item type Book
Holdings
Withdrawn status Lost status Damaged status Not for loan Permanent Location Current Location Shelving location Date acquired Total Checkouts Full call number Barcode Date last seen Price effective from Koha item type
        College of Electrical & Mechanical Engineering (CEME) College of Electrical & Mechanical Engineering (CEME) General Stacks 05/11/2017   915.4 TOY CEME-15508 06/28/2021 06/28/2021 Book
© 2023 Central Library, National University of Sciences and Technology. All Rights Reserved.